000 00712nam a22002531 4500
001 9762
003 BD-RjUL
005 20211208234831.0
008 140121s1961 stk 1 0 eng d
035 _a(BD-RjUL)9807
035 _a(BD-RjUL)
040 _aBD-RjUL
_beng
_cBD-RjUL
041 _aeng
082 0 0 _a541.2
_bMOS 1961
100 2 _aMoelwyn-Hughes, Emyr Alun.
_930090
245 1 0 _aStates of matter. /
_cby Emyr Alun Moelwyn-Hughes
260 _aEdinb. :
_bOliver and Boyd,
_c1961.
300 _a100 p. :
_bill.,
_c23 cm.
504 _aIncludes index.
650 0 _aMolecular dynamics.
_930175
650 0 _aChemical equilibrium.
_928296
650 0 _aMatter
_xConstitution.
_925294
942 _2ddc
_cBK
999 _c9762
_d9762